|
|
|
|
| LEADER |
02411nam a2200541 4500 |
| 001 |
978-3-030-00087-5 |
| 003 |
DE-He213 |
| 005 |
20200226183751.0 |
| 007 |
cr nn 008mamaa |
| 008 |
191017s2019 gw | s |||| 0|eng d |
| 020 |
|
|
|a 9783030000875
|9 978-3-030-00087-5
|
| 024 |
7 |
|
|a 10.1007/978-3-030-00087-5
|2 doi
|
| 040 |
|
|
|d GrThAP
|
| 050 |
|
4 |
|a R856-R857
|
| 072 |
|
7 |
|a MQW
|2 bicssc
|
| 072 |
|
7 |
|a MED003040
|2 bisacsh
|
| 072 |
|
7 |
|a MQW
|2 thema
|
| 082 |
0 |
4 |
|a 610.28
|2 23
|
| 245 |
1 |
0 |
|a Magnetoencephalography
|h [electronic resource] :
|b From Signals to Dynamic Cortical Networks /
|c edited by Selma Supek, Cheryl J. Aine.
|
| 250 |
|
|
|a 2nd ed. 2019.
|
| 264 |
|
1 |
|a Cham :
|b Springer International Publishing :
|b Imprint: Springer,
|c 2019.
|
| 300 |
|
|
|a 338 illus., 283 illus. in color. eReference.
|b online resource.
|
| 336 |
|
|
|a text
|b txt
|2 rdacontent
|
| 337 |
|
|
|a computer
|b c
|2 rdamedia
|
| 338 |
|
|
|a online resource
|b cr
|2 rdacarrier
|
| 347 |
|
|
|a text file
|b PDF
|2 rda
|
| 520 |
|
|
|a .
|
| 650 |
|
0 |
|a Biomedical engineering.
|
| 650 |
|
0 |
|a Neuroradiology.
|
| 650 |
|
0 |
|a Medical physics.
|
| 650 |
|
0 |
|a Radiation.
|
| 650 |
|
0 |
|a Neurosciences.
|
| 650 |
|
0 |
|a Optical data processing.
|
| 650 |
1 |
4 |
|a Biomedical Engineering/Biotechnology.
|0 http://scigraph.springernature.com/things/product-market-codes/B24000
|
| 650 |
2 |
4 |
|a Biomedical Engineering and Bioengineering.
|0 http://scigraph.springernature.com/things/product-market-codes/T2700X
|
| 650 |
2 |
4 |
|a Neuroradiology.
|0 http://scigraph.springernature.com/things/product-market-codes/H2903X
|
| 650 |
2 |
4 |
|a Medical and Radiation Physics.
|0 http://scigraph.springernature.com/things/product-market-codes/P27060
|
| 650 |
2 |
4 |
|a Neurosciences.
|0 http://scigraph.springernature.com/things/product-market-codes/B18006
|
| 650 |
2 |
4 |
|a Image Processing and Computer Vision.
|0 http://scigraph.springernature.com/things/product-market-codes/I22021
|
| 700 |
1 |
|
|a Supek, Selma.
|e editor.
|4 edt
|4 http://id.loc.gov/vocabulary/relators/edt
|
| 700 |
1 |
|
|a Aine, Cheryl J.
|e editor.
|4 edt
|4 http://id.loc.gov/vocabulary/relators/edt
|
| 710 |
2 |
|
|a SpringerLink (Online service)
|
| 773 |
0 |
|
|t Springer Nature eReference
|
| 776 |
0 |
8 |
|i Printed edition:
|z 9783030000868
|
| 776 |
0 |
8 |
|i Printed edition:
|z 9783030000882
|
| 856 |
4 |
0 |
|u https://doi.org/10.1007/978-3-030-00087-5
|z Full Text via HEAL-Link
|
| 912 |
|
|
|a ZDB-2-SBL
|
| 950 |
|
|
|a Biomedical and Life Sciences (Springer-11642)
|